[Event "Mondiale Semilampo FIDE 2024"]
[Site "New York"]
[Date "26.12.2024"]
[Round "3.62"]
[White "Cheparinov, Ivan"]
[Black "Banh Gia Huy"]
[Result "1-0"]
[WhiteTitle "GM"]
[BlackTitle "IM"]
[WhiteElo "2646"]
[BlackElo "2422"]
[WhiteFideId "2905540"]
[BlackFideId "12424714"]
[EventDate "26.12.2024"]

1. Nf3 Nf6 2. c4 g6 3. Nc3 Bg7 4. e4 d6 5. d4 O-O 6. Bd3 Bg4 7. Be2 Nfd7 8. Be3
Bxf3 9. Bxf3 Nc6 10. d5 Na5 11. Be2 Nb6 12. Bd4 Bxd4 13. Qxd4 c5 14. dxc6 e5 15.
Qe3 bxc6 16. c5 Nac4 17. Bxc4 Nxc4 18. Qe2 Na5 19. Rd1 Nb7 20. cxd6 Nxd6 21. Qd3
Nb5 22. Nxb5 Qxd3 23. Rxd3 cxb5 24. Kd2 Rac8 25. Rc1 Rxc1 26. Kxc1 Rc8+ 27. Kd2
Rc4 28. Rd5 Ra4 29. Rxe5 b4 30. Rb5 Rxa2 31. Rxb4 Ra1 32. Ke3 h5 33. Kf4 a5 34.
Rb7 Kg7 35. f3 a4 36. e5 Re1 37. h4 Re2 38. g3 Re1 39. Ra7 Re2 40. e6 Rxe6 41.
Rxa4 Rb6 42. b4 Kf6 43. Ke4 Re6+ 44. Kd4 Rd6+ 45. Kc4 Rc6+ 46. Kd5 Rc3 47. b5
Rxf3 48. Rf4+ Rxf4 49. gxf4 Ke7 50. b6 Kd7 51. Ke5 Kc6 52. Kf6 Kxb6 53. Kxf7 1-0

[Event "Mondiale Semilampo FIDE 2024"]
[Site "New York"]
[Date "26.12.2024"]
[Round "3.63"]
[White "Christiansen, Johan-Sebastian"]
[Black "So, Wesley"]
[Result "0-1"]
[WhiteTitle "GM"]
[BlackTitle "GM"]
[WhiteElo "2661"]
[BlackElo "2747"]
[WhiteFideId "1512668"]
[BlackFideId "5202213"]
[EventDate "26.12.2024"]

1. e4 e5 2. Nf3 Nc6 3. Nc3 Nf6 4. Nd5 Be7 5. Bd3 O-O 6. c3 d6 7. Bc2 Bg4 8. h3
Bh5 9. g4 Bg6 10. Nxf6+ Bxf6 11. h4 h5 12. d3 hxg4 13. h5 Bxe4 14. dxe4 gxf3 15.
Rg1 Qe7 16. Qxf3 Nd8 17. Bb3 Ne6 18. Be3 Kh8 19. Qf5 Nf4 20. Bxf4 exf4 21. Qxf4
Rae8 22. Rg4 Qe5 23. Qf3 Bg5 24. Kf1 Bh6 25. Bc2 Qb5+ 26. Qd3 Qxh5 27. Rg3 Re5
28. f4 f5 29. exf5 Rfxf5 30. Kg1 Bxf4 31. Rh3 Be3+ 32. Qxe3 Rxe3 33. Rxh5+ Rxh5
34. Rf1 Kg8 35. Bb3+ d5 0-1

[Event "Mondiale Semilampo FIDE 2024"]
[Site "New York"]
[Date "26.12.2024"]
[Round "3.64"]
[White "Xiong, Jeffery"]
[Black "Muradli, Mahammad"]
[Result "0-1"]
[WhiteTitle "GM"]
[BlackTitle "GM"]
[WhiteElo "2636"]
[BlackElo "2588"]
[WhiteFideId "2047640"]
[BlackFideId "13409301"]
[EventDate "26.12.2024"]

1. d4 Nf6 2. c4 e6 3. Nf3 d5 4. Nc3 Be7 5. Bf4 O-O 6. a3 Nbd7 7. Nb5 Ne8 8. e3
dxc4 9. Bxc4 Nd6 10. Nxd6 cxd6 11. O-O Nf6 12. Rc1 Bd7 13. Qe2 Bc6 14. Bg5 h6
15. Bh4 Rc8 16. Bd3 Bxf3 17. Qxf3 Qb6 18. Bxf6 Bxf6 19. Qe4 g6 20. d5 exd5 21.
Qxd5 Rc5 22. Rxc5 dxc5 23. Bxg6 Bxb2 24. Bc2 Rd8 25. Qe4 Bxa3 26. h4 Kf8 27. Qf3
a5 28. Be4 Rd7 29. Qg4 Rd2 30. Qc8+ Rd8 31. Qf5 Qe6 32. Qh7 b5 33. Ra1 Bb4 34.
Rf1 a4 35. Bf3 a3 36. Bh5 Qf6 37. Qc2 Rd2 38. Qe4 a2 39. Qa8+ Kg7 0-1

[Event "Mondiale Semilampo FIDE 2024"]
[Site "New York"]
[Date "26.12.2024"]
[Round "3.65"]
[White "Karthik, Venkataraman"]
[Black "Hovhannisyan, Robert"]
[Result "1-0"]
[WhiteTitle "GM"]
[BlackTitle "GM"]
[WhiteElo "2603"]
[BlackElo "2626"]
[WhiteFideId "25006479"]
[BlackFideId "13302507"]
[EventDate "26.12.2024"]

1. e4 e5 2. Nf3 Nc6 3. Bb5 Nf6 4. d3 Bc5 5. Bxc6 dxc6 6. Nc3 Qe7 7. h3 Nd7 8.
Be3 Bxe3 9. fxe3 b6 10. O-O Bb7 11. Qe1 O-O-O 12. Rb1 g5 13. Ne2 Rdg8 14. Ng3 g4
15. hxg4 Rxg4 16. Nf5 Qe6 17. Nh2 Rg5 18. Qh4 Rhg8 19. Kh1 f6 20. Qxh7 Kb8 21.
b3 Qe8 22. Rf2 Rh8 23. Qe7 Qh5 24. g3 Bc8 25. Rg1 c5 26. Qe6 Qh7 27. Nh4 Bb7 28.
N2f3 Rg7 29. Rh2 Bxe4 30. dxe4 Qxe4 31. Rf1 Qxe3 32. Nf5 Rxh2+ 33. Nxh2 Qe4+ 34.
Kg1 Rg5 35. Qe8+ Kb7 36. Qxd7 Kb8 37. Qd3 Qc6 38. Nf3 Rg4 39. Nd2 e4 40. Qd8+
Kb7 41. Nc4 Qe6 42. Nce3 Rg8 43. Qd5+ Qxd5 44. Nxd5 Rg5 45. Kg2 Kc6 46. Nxf6 Kb5
47. Nxe4 1-0

[Event "Mondiale Semilampo FIDE 2024"]
[Site "New York"]
[Date "26.12.2024"]
[Round "3.66"]
[White "Blohberger, Felix"]
[Black "Suleymanli, Aydin"]
[Result "1/2-1/2"]
[WhiteTitle "GM"]
[BlackTitle "GM"]
[WhiteElo "2534"]
[BlackElo "2623"]
[WhiteFideId "1632051"]
[BlackFideId "13413937"]
[EventDate "26.12.2024"]

1. Nf3 Nf6 2. g3 d5 3. Bg2 Nbd7 4. O-O e5 5. d4 exd4 6. Nxd4 c6 7. c4 dxc4 8.
Qc2 Qb6 9. Qxc4 Ne5 10. Qc3 Bb4 11. Qe3 Ng4 12. Qe4 O-O 13. e3 Re8 14. Qc2 c5
15. Ne2 Be6 16. h3 Nf6 17. Nf4 Bc4 18. Rd1 g5 19. b3 gxf4 20. bxc4 fxg3 21. f4
Ng6 22. Nc3 Nh4 23. Nd5 Nxd5 24. Rxd5 Rad8 25. Rg5+ Kf8 26. Bd5 Rxd5 27. Rxd5
Nf3+ 28. Kh1 Qh6 29. Qg2 Nd4 30. Qxg3 Ne2 31. Qg2 Nxc1 32. Rxc1 Rxe3 33. Rd8+
Ke7 34. Rcd1 Qxh3+ 35. Qxh3 Rxh3+ 36. Kg2 Ra3 37. R8d7+ Kf6 38. R1d6+ Kf5 39.
Rxf7+ Kg4 40. f5 Rxa2+ 41. Kf1 Bc3 42. f6 Bd4 43. Rxh7 Rf2+ 44. Ke1 Rxf6 45.
Rxf6 Bxf6 46. Rxb7 Bc3+ 47. Ke2 a5 48. Kd3 Bb4 49. Ke4 a4 50. Rg7+ Kh5 51. Kf5
Kh4 52. Kf4 Bd2+ 53. Ke4 a3 54. Kd3 Bb4 55. Kc2 Kh5 56. Kb3 Kh6 57. Rg8 Kh5 58.
Rg2 Kh4 59. Rg1 Kh5 60. Rg2 Kh4 61. Rg8 Kh5 62. Kc2 Kh4 63. Kd3 Ba5 64. Ra8 Bb4 1/2-1/2

[Event "Mondiale Semilampo FIDE 2024"]
[Site "New York"]
[Date "26.12.2024"]
[Round "3.67"]
[White "Kacharava, Nikolozi"]
[Black "Theodorou, Nikolas"]
[Result "1/2-1/2"]
[WhiteTitle "GM"]
[BlackTitle "GM"]
[WhiteElo "2510"]
[BlackElo "2600"]
[WhiteFideId "13611860"]
[BlackFideId "4262875"]
[EventDate "26.12.2024"]

1. e4 c5 2. Nf3 Nc6 3. Bb5 e5 4. O-O Nge7 5. c3 a6 6. Ba4 b5 7. Bc2 d6 8. h3 g6
9. d4 exd4 10. cxd4 Bg7 11. Be3 O-O 12. Nc3 cxd4 13. Nxd4 Na5 14. b3 Bb7 15. Qd2
Rc8 16. Rac1 d5 17. Rfd1 b4 18. Nxd5 Nxd5 19. exd5 Qxd5 20. f3 Qe5 21. Bf2 Nc6
22. Be4 Nxd4 23. Rxc8 Nxf3+ 24. Bxf3 Bxc8 25. Qxb4 Be6 26. Qb6 a5 27. Bc5 Bh6
28. Kh1 Re8 29. Qxa5 Bf5 30. Bb6 Qg3 31. Qb5 Rc8 32. Bg1 Bf4 33. Qb6 Bxh3 34.
Qf2 Be6 35. Qxg3 Bxg3 36. Be3 Rc2 37. Rd2 Rc1+ 38. Rd1 Rc2 39. Rd2 Rc1+ 40. Rd1 1/2-1/2

[Event "Mondiale Semilampo FIDE 2024"]
[Site "New York"]
[Date "26.12.2024"]
[Round "3.68"]
[White "Liang, Awonder"]
[Black "Lodici, Lorenzo"]
[Result "0-1"]
[WhiteTitle "GM"]
[BlackTitle "GM"]
[WhiteElo "2687"]
[BlackElo "2564"]
[WhiteFideId "2056437"]
[BlackFideId "884189"]
[EventDate "26.12.2024"]

1. e4 e5 2. Nf3 Nc6 3. Bc4 Bc5 4. c3 Nf6 5. d3 d6 6. Bg5 h6 7. Bh4 a5 8. a4 Ba7
9. Na3 Qe7 10. Bb5 Bd7 11. Nc4 g5 12. Bg3 Nh5 13. O-O Nxg3 14. hxg3 h5 15. Ne3
Bxe3 16. fxe3 h4 17. gxh4 g4 18. Ng5 f6 19. Bc4 Nd8 20. Nf3 gxf3 21. Rxf3 Rxh4
22. Qb3 Qh7 23. Kf2 Rh2 24. Rg1 Bg4 25. Rg3 Qh4 26. d4 Ke7 27. Bd5 Ra6 28. Bc4
Rb6 29. Qc2 Be6 30. Bb5 Nf7 0-1

[Event "Mondiale Semilampo FIDE 2024"]
[Site "New York"]
[Date "26.12.2024"]
[Round "3.69"]
[White "Kadric, Denis"]
[Black "Horvath, Dominik"]
[Result "1-0"]
[WhiteTitle "GM"]
[BlackTitle "GM"]
[WhiteElo "2544"]
[BlackElo "2542"]
[WhiteFideId "14403803"]
[BlackFideId "1642561"]
[EventDate "26.12.2024"]

1. e4 e5 2. Nf3 Nf6 3. d3 d5 4. Nbd2 Bd6 5. exd5 Nxd5 6. g3 O-O 7. Bg2 c6 8. O-O
Nd7 9. b3 Re8 10. Bb2 Bb4 11. Re1 f6 12. c4 Nc7 13. a3 Bxd2 14. Qxd2 Nc5 15.
Rad1 Nxb3 16. Qb4 Nd4 17. Bxd4 exd4 18. Rxe8+ Nxe8 19. c5 Nc7 20. Nxd4 Kh8 21.
Re1 h6 22. h3 Nd5 23. Qb3 a5 24. Bxd5 cxd5 25. Qb6 Bxh3 26. Qxb7 Rc8 27. c6 Rc7
28. Qb6 Qd6 29. Qb8+ Kh7 30. Nb5 Qxc6 31. Qxc7 Qxb5 32. Re7 1-0

[Event "Mondiale Semilampo FIDE 2024"]
[Site "New York"]
[Date "26.12.2024"]
[Round "3.70"]
[White "Hungaski, Robert"]
[Black "Jumabayev, Rinat"]
[Result "0-1"]
[WhiteTitle "GM"]
[BlackTitle "GM"]
[WhiteElo "2477"]
[BlackElo "2573"]
[WhiteFideId "2021030"]
[BlackFideId "13702661"]
[EventDate "26.12.2024"]

1. h3 d5 2. e3 e5 3. d4 e4 4. c4 c6 5. Qb3 Nf6 6. Bd2 Bd6 7. cxd5 Nxd5 8. Nc3
Nxc3 9. Bxc3 a5 10. d5 O-O 11. O-O-O Qe7 12. dxc6 Nxc6 13. Qa4 Bb4 14. Ne2 Be6
15. Nf4 Rfc8 16. Kb1 Bxc3 17. bxc3 b5 18. Bxb5 Rab8 19. Nxe6 Qxe6 20. c4 Ne5 21.
Ka1 Qf6 22. Rd4 Nd3 23. Rb1 Qxf2 24. Qxa5 Ra8 25. Ba6 Qxe3 26. Qb6 Rf8 27. Bb7
Rab8 28. Rxe4 Qxb6 29. Rxb6 Nc5 30. Re7 Rfd8 31. Rb5 Kf8 32. Rc7 Ne6 33. Rc6 Nd4
34. Rc7 Ne6 35. Rc6 Nd4 36. Rc7 Nxb5 37. cxb5 Rd2 38. Bc6 Rf2 39. Rd7 Re8 40.
Rd1 Ree2 41. Bd5 Rd2 42. Rxd2 Rxd2 43. Bf3 Ke7 44. b6 Kd6 45. Kb1 f5 46. b7 Kc7
47. a3 g5 48. Ka1 h5 49. Kb1 g4 50. hxg4 hxg4 51. Bc6 Rd6 0-1

[Event "Mondiale Semilampo FIDE 2024"]
[Site "New York"]
[Date "26.12.2024"]
[Round "3.71"]
[White "Juksta, Karolis"]
[Black "Makarian, Rudik"]
[Result "0-1"]
[WhiteTitle "IM"]
[BlackTitle "IM"]
[WhiteElo "2403"]
[BlackElo "2547"]
[WhiteFideId "12809039"]
[BlackFideId "44105681"]
[EventDate "26.12.2024"]

1. d4 Nf6 2. c4 e6 3. Nc3 d5 4. Nf3 h6 5. g3 Nc6 6. Bg2 Bd6 7. O-O O-O 8. b3
dxc4 9. bxc4 e5 10. Nxe5 Nxe5 11. c5 Bxc5 12. dxe5 Qxd1 13. Rxd1 Nd7 14. Ne4 Bb6
15. a4 a5 16. Bb2 Nc5 17. Nxc5 Bxc5 18. Ba3 Bb4 19. Bxb4 axb4 20. a5 Ra7 21.
Rdb1 c5 22. Rc1 Bd7 23. e6 Bxe6 24. Rxc5 b6 25. Rb5 Rxa5 26. Raxa5 bxa5 27. Rxa5
Rb8 28. Ra8 Rxa8 29. Bxa8 f5 30. e4 fxe4 31. Bxe4 Kf7 32. Kf1 Kf6 33. Ke2 Ke5
34. Ke3 b3 35. f4+ Kf6 36. Kd2 Bf5 37. Bd5 b2 38. Ba2 b1=Q 39. Bxb1 Bxb1 40. Ke3
Kf5 41. h3 h5 42. Kf3 Be4+ 43. Ke3 Bg2 0-1

[Event "Mondiale Semilampo FIDE 2024"]
[Site "New York"]
[Date "26.12.2024"]
[Round "3.72"]
[White "Pranav, V"]
[Black "George, Kevin"]
[Result "1-0"]
[WhiteTitle "GM"]
[BlackTitle "IM"]
[WhiteElo "2621"]
[BlackElo "2270"]
[WhiteFideId "25060783"]
[BlackFideId "10669515"]
[EventDate "26.12.2024"]

1. e4 e5 2. Nf3 Nc6 3. Nc3 Nf6 4. Nd5 Nxd5 5. exd5 Nd4 6. Nxd4 exd4 7. Qe2+ Qe7
8. b3 c5 9. dxc6 dxc6 10. Bb2 c5 11. O-O-O Qxe2 12. Bxe2 Bd6 13. Bb5+ Bd7 14.
Rhe1+ Kd8 15. Bc4 Kc7 16. c3 dxc3 17. Bxc3 f6 18. d4 Rae8 19. Rxe8 Rxe8 20. h3
Bc6 21. f3 b6 22. Bd3 h6 23. Kc2 cxd4 24. Bxd4 Be5 25. Bg6 Re7 26. Be3 Bd6 27.
Rd3 Bc5 28. Bf4+ Kb7 29. h4 Re2+ 30. Rd2 Rxd2+ 31. Kxd2 Kc8 32. h5 Kd7 33. Bf5+
Ke7 34. Bb8 a6 35. Bc7 Be8 36. g4 Bc6 37. Ke2 Bb5+ 38. Bd3 Bxd3+ 39. Kxd3 Kd7
40. Bg3 Ke6 41. Ke4 Be7 42. f4 Bd6 43. Bf2 b5 44. f5+ Kd7 45. Kd5 Ba3 46. Bc5
Bc1 47. Bf8 Ke8 48. Bc5 Kd7 49. a4 bxa4 50. bxa4 Bd2 51. Ba3 Be3 52. Bf8 Bd2 53.
Bxg7 Ke7 54. Kc6 Kf7 55. Bxh6 Bxh6 56. Kb6 Be3+ 57. Kxa6 Kg7 58. a5 Kh6 59. Kb7
Kg5 60. a6 Kxg4 61. h6 Bxh6 62. a7 1-0

[Event "Mondiale Semilampo FIDE 2024"]
[Site "New York"]
[Date "26.12.2024"]
[Round "3.73"]
[White "Khanin, Semen"]
[Black "Grahn, Vidar"]
[Result "1-0"]
[WhiteTitle "GM"]
[BlackTitle "FM"]
[WhiteElo "2568"]
[BlackElo "2263"]
[WhiteFideId "4111990"]
[BlackFideId "1744780"]
[EventDate "26.12.2024"]

1. d4 d5 2. c4 e6 3. Nc3 Nf6 4. cxd5 exd5 5. Bg5 Bb4 6. e3 h6 7. Bh4 g5 8. Bg3
Ne4 9. a3 Bxc3+ 10. bxc3 Nc6 11. Bd3 Bf5 12. Ne2 Qd7 13. Rb1 O-O-O 14. f3 Nxg3
15. Nxg3 Bxd3 16. Qxd3 Na5 17. O-O Nc4 18. e4 Rhe8 19. a4 Qe6 20. Rfe1 Qc6 21.
exd5 Qxd5 22. Rxe8 Rxe8 23. Ne4 Rd8 24. Rb5 Qe6 25. d5 Ne5 26. Qd4 Qe7 27. Qxa7
Qa3 28. Qxb7+ Kd7 29. Rb1 f5 30. d6 Rc8 31. Nf6+ 1-0

[Event "Mondiale Semilampo FIDE 2024"]
[Site "New York"]
[Date "26.12.2024"]
[Round "3.74"]
[White "Kvaloy, Aksel Bu"]
[Black "Benjamin, Joel"]
[Result "1-0"]
[WhiteTitle "IM"]
[BlackTitle "GM"]
[WhiteElo "2490"]
[BlackElo "2473"]
[WhiteFideId "1528815"]
[BlackFideId "2000091"]
[EventDate "26.12.2024"]

1. e4 e5 2. Nf3 Nc6 3. Bb5 a6 4. Ba4 Nf6 5. d4 exd4 6. O-O b5 7. Bb3 Na5 8. e5
Ne4 9. Bd5 Bb7 10. Qxd4 Nc5 11. Bg5 Be7 12. Bxe7 Qxe7 13. b4 Ne6 14. Bxe6 Nc6
15. Bxf7+ Qxf7 16. Qc5 O-O-O 17. a4 Qg6 18. axb5 axb5 19. Nc3 Rhf8 20. Ne1 Rf5
21. Nxb5 Re8 22. Nd3 d6 23. Qc4 Rg5 24. g3 Qf5 25. Ra7 Rg4 26. Qc3 dxe5 27. Rfa1
e4 28. Rxb7 Kxb7 29. Nc5+ Kb8 30. Qa3 Kc8 31. Qa8+ Nb8 32. Qb7+ Kd8 33. Qxc7# 1-0

[Event "Mondiale Semilampo FIDE 2024"]
[Site "New York"]
[Date "26.12.2024"]
[Round "3.75"]
[White "Le, Quang Liem"]
[Black "Thavandiran, Shiyam"]
[Result "1-0"]
[WhiteTitle "GM"]
[BlackTitle "IM"]
[WhiteElo "2739"]
[BlackElo "2410"]
[WhiteFideId "12401137"]
[BlackFideId "2605058"]
[EventDate "26.12.2024"]

1. d4 Nf6 2. Nf3 e6 3. c4 a6 4. Nc3 d5 5. cxd5 exd5 6. Bg5 Be6 7. Qb3 Nbd7 8. e3
Rb8 9. Qc2 h6 10. Bh4 g5 11. Bg3 Nh5 12. Bd3 Nxg3 13. hxg3 Bg7 14. O-O-O c5 15.
Bf5 O-O 16. g4 Rc8 17. Kb1 Re8 18. dxc5 Rxc5 19. Nd4 Ne5 20. Qb3 Nc4 21. Qxb7
Re7 22. Qb4 Rcc7 23. b3 Rb7 24. Nxe6 fxe6 25. Qxc4 Qa5 26. Nxd5 exd5 27. Rxd5 1-0

[Event "Mondiale Semilampo FIDE 2024"]
[Site "New York"]
[Date "26.12.2024"]
[Round "3.76"]
[White "Van Foreest, Jorden"]
[Black "Oro, Faustino"]
[Result "1-0"]
[WhiteTitle "GM"]
[BlackTitle "IM"]
[WhiteElo "2677"]
[BlackElo "2433"]
[WhiteFideId "1039784"]
[BlackFideId "20000197"]
[EventDate "26.12.2024"]

1. e4 c5 2. Nf3 d6 3. Bc4 Nf6 4. d3 e6 5. O-O Be7 6. c3 O-O 7. Bb3 b6 8. Re1 Bb7
9. a4 a6 10. Nbd2 Nbd7 11. d4 e5 12. d5 b5 13. Nf1 c4 14. Bc2 Nc5 15. Ng3 g6 16.
Be3 Nfd7 17. Ra3 Re8 18. Qe2 Qc7 19. h4 Nb6 20. axb5 axb5 21. Rxa8 Rxa8 22. h5
Bc8 23. Nh2 Qd8 24. Ng4 Nd3 25. Nh6+ Kg7 26. Qf3 Bf6 27. Bxd3 cxd3 28. Ng4 Bxg4
29. Qxg4 Nc4 30. hxg6 hxg6 31. Nh5+ Kg8 32. Nxf6+ Qxf6 33. Bg5 Qh8 34. b3 Nb2
35. Rb1 Qh7 36. Bc1 Nc4 37. bxc4 bxc4 38. Bg5 1-0

[Event "Mondiale Semilampo FIDE 2024"]
[Site "New York"]
[Date "26.12.2024"]
[Round "3.77"]
[White "Damjanovic, Vuk"]
[Black "Barbosa, Oliver"]
[Result "1-0"]
[WhiteTitle "IM"]
[BlackTitle "GM"]
[WhiteElo "2368"]
[BlackElo "2451"]
[WhiteFideId "980021"]
[BlackFideId "5201640"]
[EventDate "26.12.2024"]

1. Nf3 d5 2. g3 Bg4 3. Bg2 Nd7 4. h3 Bh5 5. O-O c6 6. d4 Ngf6 7. c4 e6 8. cxd5
exd5 9. Ne5 Nxe5 10. dxe5 Ne4 11. Nd2 Nc5 12. g4 Bg6 13. f4 f5 14. Qe1 Be7 15.
Nf3 Ne6 16. e3 O-O 17. Bd2 Qb6 18. Kh2 Rae8 19. b4 d4 20. Nxd4 Nxd4 21. exd4
Qxd4 22. Be3 Qc4 23. Qc1 Qe6 24. Bf3 a6 25. Rd1 Kh8 26. g5 Rd8 27. Bc5 Rxd1 28.
Bxd1 Bxc5 29. Qxc5 Rd8 30. Bb3 Qe8 31. Rd1 Rxd1 32. Bxd1 Bf7 33. a3 Kg8 34. Qd6
Be6 35. Kg3 Qd7 36. Bb3 1-0

[Event "Mondiale Semilampo FIDE 2024"]
[Site "New York"]
[Date "26.12.2024"]
[Round "3.78"]
[White "Chanda, Sandipan"]
[Black "Gretarsson, Helgi Ass"]
[Result "1-0"]
[WhiteTitle "GM"]
[BlackTitle "GM"]
[WhiteElo "2480"]
[BlackElo "2418"]
[WhiteFideId "5004225"]
[BlackFideId "2300699"]
[EventDate "26.12.2024"]

1. d4 d5 2. Nf3 a6 3. Bf4 Nf6 4. e3 e6 5. Bd3 c5 6. c3 Nc6 7. Nbd2 Nh5 8. Bg5
Be7 9. Bxe7 Qxe7 10. O-O Nf6 11. dxc5 Qxc5 12. e4 Bd7 13. e5 Ng8 14. c4 Nge7 15.
cxd5 exd5 16. Nb3 Qb6 17. h3 O-O 18. Rc1 Rad8 19. Re1 Nb4 20. Bb1 Ba4 21. Qd4
Qxd4 22. Nbxd4 Rc8 23. e6 f6 24. a3 Nbc6 25. b3 Nxd4 26. Nxd4 Rxc1 27. Rxc1 Nc6
28. Nf5 Bxb3 29. Rxc6 bxc6 30. Nd6 Rb8 31. e7 c5 32. Bf5 d4 33. e8=Q+ Rxe8 34.
Nxe8 g6 35. Be4 Kf7 36. Nc7 c4 37. Kf1 Ke7 38. Nxa6 f5 39. Bd5 d3 40. Ke1 d2+
41. Kxd2 c3+ 42. Kxc3 Bxd5 43. g3 Bg2 44. h4 Kd6 45. Kd4 h6 46. f4 Bf3 47. Nc5
Bd5 48. a4 Be4 1-0

[Event "Mondiale Semilampo FIDE 2024"]
[Site "New York"]
[Date "26.12.2024"]
[Round "3.79"]
[White "Bezold, Michael"]
[Black "Schnaider, Ilan"]
[Result "1/2-1/2"]
[WhiteTitle "GM"]
[BlackTitle "IM"]
[WhiteElo "2469"]
[BlackElo "2392"]
[WhiteFideId "4601718"]
[BlackFideId "169013"]
[EventDate "26.12.2024"]

1. c4 Nf6 2. Nf3 c6 3. Nc3 d5 4. e3 a6 5. b3 Bf5 6. Be2 h6 7. O-O e6 8. Bb2 Nbd7
9. Re1 Be7 10. Bf1 O-O 11. d3 Bg4 12. h3 Bh5 13. Be2 Qc7 14. Rc1 Rad8 15. cxd5
exd5 16. Nh4 Bxe2 17. Qxe2 Rfe8 18. Nf3 Nc5 19. Qc2 Ne6 20. Ne2 Nd7 21. Ned4
Nxd4 22. Nxd4 Bf6 23. b4 Bxd4 24. Bxd4 Re6 25. a4 Qd6 26. Qb2 Rg6 27. e4 dxe4
28. dxe4 Qe6 29. Re3 Nf6 30. Rce1 Nh5 31. Be5 Qd7 32. Qe2 Nf6 33. Qb2 Qd2 34.
Qb3 Qd7 35. Qb2 Qd2 36. Qb3 Qd7 37. Qb2 1/2-1/2

[Event "Mondiale Semilampo FIDE 2024"]
[Site "New York"]
[Date "26.12.2024"]
[Round "3.80"]
[White "Kevlishvili, Robby"]
[Black "Larrea, Manuel"]
[Result "1-0"]
[WhiteTitle "GM"]
[BlackTitle "FM"]
[WhiteElo "2556"]
[BlackElo "2259"]
[WhiteFideId "1040634"]
[BlackFideId "3000508"]
[EventDate "26.12.2024"]

1. e4 c5 2. Nf3 Nc6 3. d4 cxd4 4. Nxd4 Nf6 5. Nc3 d6 6. f3 e5 7. Nb3 Be6 8. Nd5
Be7 9. c4 O-O 10. Be3 Nd7 11. Be2 Bg5 12. Bf2 g6 13. O-O f5 14. exf5 gxf5 15.
Nc3 Nf6 16. Qc2 Rc8 17. Rad1 Qe7 18. Qb1 Kh8 19. Kh1 a6 20. Nd5 Qg7 21. Nxf6
Rxf6 22. Rxd6 Bxc4 23. Rxf6 Bxe2 24. Rxc6 Rxc6 25. Re1 Bc4 26. Na5 Bd2 27. Nxc6
Bxe1 28. Bxe1 bxc6 29. Qxf5 Qf7 30. Qxe5+ Kg8 31. b3 Bd5 32. Bc3 Qg6 33. h3 h5
34. Kh2 Kf7 35. Qc7+ Ke6 36. Qc8+ Kf7 37. Qd7+ Kg8 38. Qe7 Qf7 1-0

[Event "Mondiale Semilampo FIDE 2024"]
[Site "New York"]
[Date "26.12.2024"]
[Round "3.81"]
[White "Manon, Reja Neer"]
[Black "Andersen, Mads"]
[Result "0-1"]
[WhiteTitle "IM"]
[BlackTitle "GM"]
[WhiteElo "2429"]
[BlackElo "2592"]
[WhiteFideId "10224009"]
[BlackFideId "1413864"]
[EventDate "26.12.2024"]

1. e4 e5 2. Nf3 Nc6 3. Bb5 a6 4. Ba4 Nf6 5. O-O Be7 6. Re1 b5 7. Bb3 O-O 8. c3
d5 9. exd5 Nxd5 10. Nxe5 Nxe5 11. Rxe5 c6 12. d3 Bd6 13. Re1 Qh4 14. g3 Qh3 15.
Re4 Nf6 16. Rh4 Qf5 17. Nd2 Ng4 18. f3 Ne3 19. Qe2 Nd5 20. Nf1 Qg6 21. Bxd5 cxd5
22. Bf4 Bc5+ 23. d4 Bb6 24. g4 Be6 25. Rh3 Rfe8 26. Rg3 b4 27. Bd2 Qc2 28. Qd1
Qxb2 29. Rb1 Qxa2 30. Rxb4 Qa5 31. f4 Bc7 32. Qf3 Bd6 33. Rb1 Rab8 34. Rxb8 Rxb8
35. f5 Bd7 36. Rg2 Rb1 37. f6 g6 38. Rf2 Qb5 39. Kg2 a5 40. Ne3 Be6 41. Nf5 Bxf5
42. gxf5 a4 43. Qh3 a3 44. fxg6 hxg6 45. Bh6 Qe8 46. Bg7 Qe4+ 47. Rf3 Qe2+ 48.
Rf2 Qe4+ 49. Rf3 Rb2+ 50. Kg1 Bxh2+ 51. Kh1 Qe1+ 52. Rf1 Qe4+ 53. Rf3 Qxf3+ 0-1

[Event "Mondiale Semilampo FIDE 2024"]
[Site "New York"]
[Date "26.12.2024"]
[Round "3.82"]
[White "Erenburg, Sergey"]
[Black "Sharshenbekov, Emir"]
[Result "1-0"]
[WhiteTitle "GM"]
[BlackTitle "CM"]
[WhiteElo "2510"]
[BlackElo "2078"]
[WhiteFideId "2805642"]
[BlackFideId "13810634"]
[EventDate "26.12.2024"]

1. e4 e6 2. d4 d5 3. Nd2 c5 4. Ngf3 Nc6 5. exd5 exd5 6. Bb5 Qe7+ 7. Be2 Nf6 8.
dxc5 Qxc5 9. Nb3 Qd6 10. O-O Be7 11. Bg5 O-O 12. Re1 Be6 13. Nbd4 Rfe8 14. h3 h6
15. Bh4 Ne4 16. Bxe7 Rxe7 17. Bd3 Nc5 18. c3 Rae8 19. Bc2 Bc8 20. Rxe7 Rxe7 21.
Bb3 a6 22. Qc2 Na5 23. Rd1 Be6 24. Ne2 Qc6 25. Nf4 Nc4 26. Bxc4 dxc4 27. Rd8+
Re8 28. Nd4 Rxd8 29. Nxc6 bxc6 30. Qe2 Rd6 31. Nxe6 Nxe6 32. Qxc4 c5 33. b4 cxb4
34. cxb4 Kf8 35. a4 Ke7 36. g3 Kd7 37. Kg2 g5 38. b5 axb5 39. Qxb5+ Rc6 40. Qd3+
Ke7 41. Qh7 Ra6 42. Qe4 Rd6 43. Qb4 Kd7 44. Qb5+ Rc6 45. a5 Nc7 46. Qf5+ Ke7 47.
f4 Ne6 48. Qe4 Kd7 49. f5 Nc7 50. Kf3 Ne8 51. Qa4 Nc7 52. Kg4 Ne8 53. a6 Nc7 54.
a7 Na8 55. Kh5 Kc7 56. Qb3 Rb6 57. Qxf7+ 1-0

[Event "Mondiale Semilampo FIDE 2024"]
[Site "New York"]
[Date "26.12.2024"]
[Round "3.83"]
[White "Dragnev, Valentin"]
[Black "Degenbaev, Aziz"]
[Result "0-1"]
[WhiteTitle "GM"]
[BlackTitle "FM"]
[WhiteElo "2563"]
[BlackElo "2260"]
[WhiteFideId "1634852"]
[BlackFideId "13802640"]
[EventDate "26.12.2024"]

1. e4 c5 2. Nf3 Nc6 3. Bc4 d6 4. O-O Nf6 5. d3 e6 6. a4 Be7 7. Nbd2 O-O 8. Re1
a6 9. c3 d5 10. Ba2 b5 11. e5 Ne8 12. d4 cxd4 13. cxd4 Qb6 14. Nf1 bxa4 15. Bb1
Bd7 16. h4 f5 17. exf6 Nxf6 18. Bc2 Rae8 19. Bxa4 Ne4 20. Be3 Nd6 21. Ne5 Qb7
22. Nxd7 Qxd7 23. Qd3 Nb5 24. Bxb5 axb5 25. h5 e5 26. h6 Nb4 27. Qb3 e4 28. Ng3
Rf7 29. hxg7 Nd3 30. Re2 Bh4 31. Nf1 Rxg7 32. g3 Bg5 33. Rc2 Rf8 34. Ra5 Ne1 35.
Rc1 Nf3+ 36. Kg2 Nh4+ 37. Kh2 Bxe3 38. Qxe3 Nf3+ 39. Kg2 Ng5 40. g4 Qxg4+ 41.
Qg3 Qh5 42. Rc7 Nf7 0-1